000 01228cam a2200397 4500
008 090401t1996 xxu||||| |||| 00| 0 eng d
020 _a0419207600
035 _a(Sirsi) u13659
041 _aeng
050 _a692.8
100 _aMurdoch, John
245 _aConstruction contracts: law and management
250 _a2nd ed.
260 _aLondon
_bE & FN Spon
_c1996
300 _axxix, 416p. ; 24cm.
350 _a19.99
650 _aMANAGEMENT-DISPUTE AVOIDANCE, MANAGEMENT AND RESOLUTION-DISPUTE MANAGEMENT AND RESOLUTION-ARBITRATION
650 _aBUILT ENVIRONMENT-BUILDING CONTRACT FORMS
650 _aBUILDING DEFECTS
650 _aCONSTRUCTION (DESIGN AND MANAGEMENT) REGULATIONS 1994
650 _aCONSTRUCTION INDUSTRY
650 _aCONSTRUCTION MANAGEMENT
_96230
650 _aCONSTRUCTION PROJECTS
650 _aDESIGN AND BUILD
650 _aDISPUTE RESOLUTION
_96236
650 _aENGINEERING CONTRACTS
650 _aInsurance
_96249
650 _aLOSS AND EXPENSE
650 _aMANAGEMENT CONTRACTING
650 _aProcurement-old
650 _aTENDERING
690 _aBUILT ENVIRONMENT-BUILDING CONTRACT FORMS
700 _aHughes, Will
942 _n0
948 _c04/03/1997
999 _c87127
_d87127